01893nam a2200469 i 450000100060000000300020000600500170000800600190002500700150004400800410005902000270010003500230012703500240015003500250017403500220019904000310022105000260025208000190027808200150029710000290031224501470034126400870048830000410057533600310061633700330064733800430068049000430072350400430076658801290080959001640093865000350110265000140113765000300115165100480118165100140122965500270124379700190127083000440128985600620133394200110139599900170140679263020241217151532.0m o d | cr cnu||||||||170918s2017 sp ob 000 0 spa d a9788400101817 (e-book) a(MiAaPQ)EBC4908789 a(Au-PeEL)EBL4908789 a(CaPaEBR)ebr11410321 a(OCoLC)1105862474 aFINmELBbspaerdacFINmELB 4aBR1642.L29bR875 2017 a279.123(8=134)0 a270.832231 aRovira Morgado, Rossend.10aSan Francisco Padremeh :bel temprano cabildo indio y las cuatro parcialidades de México-Tenochtitlan (1549-1599) /cRossend Rovira Morgado. 1aMadrid :bEditorial CSIC Consejo Superior de Investigaciones Científicas,c2017. a1 recurso en línea (206 páginas) atextobtxt2rdacontent/spa acomputadorabc2rdamedia/spa arecurso en líneabcr2rdacarrier/spa1 aEstudios americanos. Perspectivas ;v2 aContiene referencias bibliográficas. aDescripción basada en recurso en línea; Título de la página del título en PDF (e-libro, visto September 18, 2017). aRecurso electrónico. Santa Fe, Arg.: e-libro, 2015. Disponible vía World Wide Web. El acceso puede estar limitado para las bibliotecas afiliadas a e-libro. 0aEvangelicalismzLatin America. 4aReligion. 4aHistoria latinoamericana. 0aMexicoxHistoryySpanish colony, 1540-1810. 4aMéxico. 4aLibros electrónicos.2 ae-libro, Corp. 0aEstudios americanos. Perspectivas ;v2.40uhttps://elibro.net/ereader/politecnicointernacional/41875 cLIBROS c79263d79263